| 000 | 01274nam a22003617a 4500 | ||
|---|---|---|---|
| 003 | CHAP | ||
| 005 | 20220329141029.0 | ||
| 008 | 971013s1996 r 00010 d | ||
| 010 | _a61538 | ||
| 011 | _a62510 | ||
| 035 | _a66684 | ||
| 040 | _cCHAP | ||
| 090 | _aTesis | ||
| 100 | 0 | 0 |
_aGarcía Nieto, María Cruz. _946375 |
| 245 | _aCaracterización de la calidad tecnológica y nutrimental de diez variedades de frijol (Phaseolus vulgaris L.) | ||
| 260 |
_aChapingo, Méx. : _bEl autor, _c1996 |
||
| 300 |
_a66 h. _b: gráfs. |
||
| 502 | _aTesis (Ing. Agr. Esp. en Fitotecnia) -- UACH. Departamento de Fitotecnia | ||
| 590 |
_aALEPH _b10 _c20130110 _lUCH01 _h1343 |
||
| 590 |
_aBATCH-UPD _b10 _c20130110 _lUCH01 _h0646 |
||
| 590 |
_aBATCH-UPD _b10 _c20130409 _lUCH01 _h1837 |
||
| 590 |
_aBATCH-UPD _b10 _c20130410 _lUCH01 _h0330 |
||
| 590 |
_aBATCH-UPD _b10 _c20130914 _lUCH01 _h1438 |
||
| 590 |
_aCONVERSION _b10 _c20130109 _lUCH01 _h1333 |
||
| 650 | 1 | 4 |
_aFrijol _xCalidad. _943340 |
| 650 | 1 | 4 |
_aFrijol _xValor nutritivo. _943445 |
| 650 | 1 | 4 |
_aFrijol _xVariedades. _943446 |
| 650 | 1 | 4 |
_aTiempo de cocción (Frijol) _9113053 |
| 901 | _aBK | ||
| 942 | _cFOLL | ||
| 949 |
_bBC _cTES _d-151907 _eTS1 _h30610 _i66684 _si |
||
| 949 |
_bBC _cTES _d33724000625117 _eTS2 _fc.2 _h30611 _i66684 _si |
||
| 999 |
_c61538 _d61538 |
||